| 000 | 00486nam a2200205Ia 4500 | ||
|---|---|---|---|
| 003 | OSt | ||
| 005 | 20231102110243.0 | ||
| 008 | 210210b1973 xxu||||| |||| 00| 0 eng d | ||
| 040 | _cAL | ||
| 041 | _aEnglish | ||
| 082 | _a539.7 TAYN | ||
| 100 |
_aTAYAL (M S). _9140505 |
||
| 245 | _aNuclear physics. | ||
| 260 |
_aKhurja _bUmesh Prakashan _c1973 |
||
| 300 | _ax,596 | ||
| 650 |
_aNuclear Physics _9140506 |
||
| 690 |
_aAtomic Physics _9140507 |
||
| 906 | _a031497 | ||
| 942 |
_2ddc _cBK |
||
| 999 |
_c82667 _d82667 |
||